[Event "Forni di Sopra Dolomiti 2018"]
[Site "Forni di Sopra"]
[Date "2018.06.15"]
[Round "8.4"]
[White "Qendro, Llambi"]
[Black "Strikovic, Aleksa"]
[Result "1/2-1/2"]
[WhiteElo "2334"]
[BlackElo "2493"]
[Annotator "TA"]
[PlyCount "57"]
[EventDate "2018.??.??"]
[EventType "swiss"]
[EventCountry "ITA"]
[SourceTitle "playchess.com"]
[Source "ChessBase"]
[SourceQuality "1"]

{[%evp 15,57,18,18,16,16,13,22,10,4,11,23,0,-7,-85,-82,-77,0,0,0,-32,-21,-51,-44,-38,51,8,139,-32,-30,-33,-16,-66,172,173,177,161,127,133,253,246,261,143,157,150]} 1. d4 d6 2. e4 {[%cal Be2e4,Be4e5][%mdl 32]} Nf6 3. f3 d5 4. e5 Nfd7 5. f4 c5 6. c3 {B07: Pirc Defence: Miscellaneous Systems} Nc6 7. Nf3 cxd4 8. cxd4 Nb6 {LiveBook: 18 Games} 9. b3 Bg4 $146 ({Predecessor:} 9... Bf5 10. Bd3 Be4 11. Bb2 f5 12. O-O e6 13. Bb5 Rc8 {½-½ (55) Kaspi,A (2525)-Gofshtein,L (2520) Tel Aviv 1998}) 10. Bb5 e6 11. O-O Be7 12. h3 Bf5 13. a4 O-O 14. a5 {[#]} (14. Bd3 $11) 14... Nxa5 $1 $17 {[%mdl 512]} 15. Bd3 (15. Rxa5 Bxb1) 15... Bb4 ({Better is} 15... Bxd3 $17 16. Qxd3 Nc6) 16. Bxf5 $11 exf5 17. Qd3 Qd7 18. Nh4 g6 19. g4 {[%cal Rg4f5]} Kh8 ({But not} 19... fxg4 20. f5 $17) ({Black should play} 19... Qe7 $15 20. Nf3 fxg4 21. hxg4 f6) 20. Bd2 Qe7 (20... Be7 $11) 21. Nf3 $2 (21. gxf5 $16 {And now f6 would win.} Bxd2 22. f6 (22. Nxd2 Qxh4 23. Rxa5 Rg8 $15)) 21... fxg4 22. hxg4 Nc6 23. f5 {[%cal Bf4f5,Bf5f6][%mdl 32]} Bxd2 $2 {[#]} (23... f6 $15 24. e6 Qd6) 24. f6 $1 $18 {[%cal Rf6e7]} Qd7 25. Qxd2 {Threatens to win with Qh6.} Qxg4+ {[#]} 26. Kf2 $1 {White threatens Qh6 and mate.} g5 (26... Nxd4 $16 {keeps fighting.} 27. Qxd4 Qxd4+ 28. Nxd4 Nd7) 27. Rg1 Qd7 28. Rxg5 ({Worse is} 28. Qxg5 Rg8 $11) (28. Nc3 $18 g4 29. Qh6) 28... Rg8 $16 29. Nc3 {Precision: White = 30%, Black = 34%.} 1/2-1/2

[Event "Forni di Sopra Dolomiti 2018"]
[Site "Forni di Sopra"]
[Date "2018.06.15"]
[Round "8.5"]
[White "Di Benedetto, Edoardo"]
[Black "Sgircea, Silvia-Raluca"]
[Result "1/2-1/2"]
[WhiteElo "2288"]
[BlackElo "2204"]
[Annotator "NA"]
[PlyCount "68"]
[EventDate "2018.??.??"]
[EventType "swiss"]
[EventCountry "ITA"]
[SourceTitle "playchess.com"]
[Source "ChessBase"]
[SourceQuality "1"]
[TimeControl "40/5400+30:1800+30"]

1. e4 {[%emt 0:00:30]} c5 {[%emt 0:01:00]} 2. Nf3 {[%emt 0:00:00]} Nc6 {[%emt 0:00:00]} 3. Bb5 {[%emt 0:00:00]} g6 {[%emt 0:00:00]} 4. O-O {[%emt 0:00:30]} Bg7 {[%emt 0:00:00]} 5. Re1 {[%emt 0:00:00]} Nf6 {[%emt 0:01:00]} 6. Nc3 {[%emt 0:00:00]} O-O {[%emt 0:00:30]} 7. e5 {[%emt 0:00:30]} Ng4 {[%emt 0:01:30]} 8. Bxc6 {[%emt 0:00:00]} dxc6 {[%emt 0:00:30]} 9. d3 {[%emt 0:00:00]} Nh6 {[%emt 0:00:00]} 10. Bxh6 {[%emt 0:06:30]} Bxh6 {[%emt 0:00:00]} 11. Qe2 {[%emt 0:00:30]} Bg7 {[%emt 0:09:30]} 12. a4 {[%emt 0:01:30]} a5 {[%emt 0:03:30]} 13. Rad1 {[%emt 0:02:30]} Bf5 {[%emt 0:11:30]} 14. Ne4 {[%emt 0:01:30]} Qb6 {[%emt 0:05:30]} 15. b3 {[%emt 0:14:30]} Rad8 {[%emt 0:03:30]} 16. Qe3 {[%emt 0:03:30]} Bxe4 {[%emt 0:00:30]} 17. dxe4 {[%emt 0:07:30]} Rxd1 {[%emt 0:06:30]} 18. Rxd1 {[%emt 0:00:30]} Rd8 {[%emt 0:00:30]} 19. Rd3 {[%emt 0:02:30]} Rxd3 {[%emt 0:07:30]} 20. Qxd3 {[%emt 0:00:30]} Qc7 {[%emt 0:00:30]} 21. e6 {[%emt 0:03:30]} fxe6 {[%emt 0:00:30]} 22. g3 {[%emt 0:03:30]} Qd6 {[%emt 0:04:30]} 23. Ng5 {[%emt 0:01:30]} Bf6 {[%emt 0:01:30]} 24. Qxd6 {[%emt 0:00:30]} exd6 {[%emt 0:00:30]} 25. c4 {[%emt 0:00:30]} b5 {[%emt 0:03:30]} 26. Nxe6 {[%emt 0:00:30]} Kf7 {[%emt 0:00:30]} 27. Nf4 {[%emt 0:00:30]} bxa4 {[%emt 0:00:30]} 28. bxa4 {[%emt 0:00:00]} Bd4 {[%emt 0:01:30]} 29. h4 {[%emt 0:08:00]} Kf6 {[%emt 0:08:30]} 30. Kg2 {[%emt 0:20:30]} Ke5 {[%emt 0:01:30]} 31. Kf3 {[%emt 0:00:30]} Bc3 {[%emt 0:01:30]} 32. Ke3 {[%emt 0:00:00]} Bd4+ {[%emt 0:00:30]} 33. Kf3 {[%emt 0:00:00]} Bc3 {[%emt 0:00:30]} 34. Ke3 {[%emt 0:00:30]} Bd4+ {[%emt 0:00:00]} 1/2-1/2

[Event "Forni di Sopra Dolomiti 2018"]
[Site "Forni di Sopra"]
[Date "2018.06.15"]
[Round "8.6"]
[White "Castellanos Rodriguez, Renier"]
[Black "Calzetta Ruiz, Monica"]
[Result "1-0"]
[WhiteElo "2501"]
[BlackElo "2289"]
[Annotator "TA"]
[PlyCount "73"]
[EventDate "2018.??.??"]
[EventType "swiss"]
[EventCountry "ITA"]
[SourceTitle "playchess.com"]
[Source "ChessBase"]
[SourceQuality "1"]

{[%evp 21,73,53,50,50,60,64,63,41,84,93,104,127,130,158,155,68,151,154,142,142,149,141,202,197,222,172,197,179,199,201,253,197,240,246,480,398,581,626,862,831,2466,2335,2077,2037,29979,2619,29982,29982,29983,29984,29984,29985,5485,2661]} 1. Nf3 c5 2. e4 g6 3. d4 cxd4 4. Nxd4 Nc6 5. c4 Nf6 6. Nc3 {[%cal Bb1c3,Bc3a4,Ba4c3][%mdl 32]} d6 7. f3 Nxd4 8. Qxd4 Bg7 9. Be3 O-O 10. Qd2 a5 {B36: Sizilianisch (Maroczy-Aufbau)} (10... Be6 11. Rc1 Qa5 12. b3 Rfc8 13. Be2 a6 14. Na4 Qxd2+ 15. Kxd2 Nd7 16. g4 f5 17. gxf5 gxf5 18. Rhg1 Kh8 19. Bd3 f4 20. Bf2 Bf6 21. Nb6 Nxb6 22. Bxb6 Rg8 23. a4 Rxg1 24. Rxg1 a5 {½-½ (75) Malakhov,V (2686)-Guseinov,G (2646) Riadh 2017}) 11. Na4 Nd7 {LiveBook: 32 Partien} 12. O-O-O b6 $146 {Weiß steht etwas besser.} ({Vorgänger:} 12... Ne5 13. Nb6 Be6 14. Kb1 a4 15. a3 Qc7 16. Rc1 Nc6 17. h4 Na5 18. Rc2 {1-0 (34) Van den Doel,E (2577)-Hendriks,W (2445) Netherlands 2006}) 13. Kb1 Bb7 14. h4 {[%cal Bh2h4,Bh4h5][%mdl 32]} Nc5 {[#]} 15. Nc3 $1 a4 16. h5 a3 {Schwarz plant ...axb2.} 17. b4 Na4 18. Bd4 ({Günstiger ist} 18. Nxa4 $16 Rxa4 19. hxg6 hxg6 20. Bd3) 18... e5 ({Besser ist} 18... Bxd4 $14 19. Qxd4 e5) 19. Be3 $16 Nxc3+ 20. Qxc3 Qc7 21. Qd2 {Schwarz muss nun hxg6 beachten.} Ra4 (21... Rfd8 $16 22. hxg6 fxg6) 22. Bd3 $18 {[%cal Bf1d3,Bd3c4,Bc4b3][%mdl 32]} Rfa8 23. hxg6 hxg6 24. Rc1 d5 25. cxd5 Qe7 26. Bc4 Rxb4+ {[#]} 27. Bb3 $1 Bf8 $2 (27... Qd6 {ist eine bessere Verteidigung.} 28. Ka1 Rd8) 28. g4 {[%cal Bg2g4,Bg4g5][%mdl 32] Droht stark Dh2.} Qf6 (28... Qd6 $142 29. Qh2 Bg7) 29. Rh3 Rc8 30. Rch1 Rb5 31. g5 Qg7 32. Qh2 {Weiss droht Th8+ und Matt.} Rxb3+ 33. axb3 {jetzt Th8+ und aus.} a2+ 34. Kxa2 Ra8+ 35. Kb1 f5 36. Rh8+ Kf7 37. Rh7 {Precision: Weiß = 89%, Schwarz = 35%.} 1-0

[Event "Forni di Sopra Dolomiti 2018"]
[Site "Forni di Sopra"]
[Date "2018.06.15"]
[Round "8.7"]
[White "Lazic, Miroljub"]
[Black "Dappiano, Andrea"]
[Result "1/2-1/2"]
[WhiteElo "2506"]
[BlackElo "2279"]
[Annotator "TA"]
[PlyCount "88"]
[EventDate "2018.??.??"]
[EventType "swiss"]
[EventCountry "ITA"]
[SourceTitle "playchess.com"]
[Source "ChessBase"]
[SourceQuality "1"]

{[%evp 11,88,10,14,8,16,0,0,0,0,0,3,0,0,2,10,0,18,3,4,0,0,-8,0,-29,-31,-39,-45,-62,-61,-68,-79,-67,-64,-65,-65,-69,-76,-69,-73,-77,-72,-87,-71,-77,-85,-82,-90,-124,-124,-127,-127,-127,-132,-126,-106,-361,-303,-303,-296,-288,-242,-235,-243,-224,-214,-208,0,0,0,0,0,0,0,0,0,0,0,0,0]} 1. c4 e6 2. Nf3 d5 {[%cal Bd7d5,Bd5d4][%mdl 32]} 3. g3 Nf6 4. Bg2 d4 5. O-O c5 6. d3 Nc6 7. e3 {A09: Réti Opening: 1 Nf3 d5 2 c4} Bd6 8. a3 a5 9. exd4 cxd4 10. Bg5 h6 11. Bxf6 Qxf6 12. Nbd2 Qd8 13. Rc1 O-O 14. c5 Be7 15. Re1 Bd7 16. Rc4 {[#]} b5 $146 17. Rc1 (17. cxb6 $5 Qxb6 18. Rc2 $11) 17... Qc7 18. Qe2 Rac8 19. Nb3 Qa7 20. Nbxd4 Nxd4 21. Nxd4 Bxc5 22. Nf3 Bc6 23. Ne5 Bxg2 24. Kxg2 Bd4 $1 25. Nf3 Qb7 26. Kg1 Bf6 27. d4 Qd5 28. Qe3 Rfd8 29. Rc5 Rxc5 30. dxc5 Bxb2 {Strongly threatening ...b4.} 31. Rb1 Qa2 32. Qe4 Bxa3 33. c6 $2 {[%mdl 8192] [#]} (33. Rxb5 $17 {was the only chance.} f5 34. Qc6) 33... f5 34. Qe1 Bb4 $1 {[%cal Rb4e1]} 35. Qf1 Qc4 36. Rc1 Qxf1+ 37. Kxf1 $19 {[%mdl 4096] Endgame KRB-KRN} Bd6 38. Nd4 Kf7 $2 {[#]} (38... b4 $19 {And now ...Kf7 would win.} 39. Nxe6 Rc8) 39. Nxb5 $11 {The position is equal.} Ke7 40. c7 Rc8 41. Rc6 Be5 42. Rc5 Bd6 43. Rc6 Be5 44. Rc5 Bd6 {Precision: White = 65%, Black = 80%.} 1/2-1/2

[Event "Forni di Sopra Dolomiti 2018"]
[Site "Forni di Sopra"]
[Date "2018.06.15"]
[Round "8.8"]
[White "De Santis, Alessio"]
[Black "Martinez, Ayelen"]
[Result "1/2-1/2"]
[WhiteElo "2260"]
[BlackElo "2209"]
[Annotator "NA"]
[PlyCount "35"]
[EventDate "2018.??.??"]
[EventType "swiss"]
[EventCountry "ITA"]
[SourceTitle "playchess.com"]
[Source "ChessBase"]
[SourceQuality "1"]
[TimeControl "40/5400+30:1800+30"]

1. Nf3 {[%emt 0:01:30]} c5 {[%emt 0:03:00]} 2. c4 {[%emt 0:00:30]} g6 {[%emt 0:00:30]} 3. Nc3 {[%emt 0:00:30]} Bg7 {[%emt 0:00:30]} 4. b3 {[%emt 0:00:30]} e5 {[%emt 0:01:30]} 5. e4 {[%emt 0:00:30]} Nc6 {[%emt 0:02:30]} 6. d3 {[%emt 0:00:30]} Nge7 {[%emt 0:00:30]} 7. Be2 {[%emt 0:01:30]} d6 {[%emt 0:01:30]} 8. Bd2 {[%emt 0:01:30]} a6 {[%emt 0:04:30]} 9. h4 {[%emt 0:00:00]} h5 {[%emt 0:00:30]} 10. Nd5 {[%emt 0:03:00]} Nxd5 {[%emt 0:03:30]} 11. cxd5 {[%emt 0:00:30]} Nd4 {[%emt 0:01:30]} 12. Nxd4 {[%emt 0:00:30]} cxd4 {[%emt 0:00:30]} 13. Rc1 {[%emt 0:02:30]} Bd7 {[%emt 0:01:30]} 14. g3 {[%emt 0:01:30]} a5 {[%emt 0:08:30]} 15. Qc2 {[%emt 0:27:30]} Bf6 {[%emt 0:08:30]} 16. Qc7 {[%emt 0:02:30]} Qxc7 {[%emt 0:00:00]} 17. Rxc7 {[%emt 0:00:00]} Ra7 {[%emt 0:00:00]} 18. O-O {[%emt 0:02:00]} 1/2-1/2

[Event "Forni di Sopra Dolomiti 2018"]
[Site "Forni di Sopra"]
[Date "2018.06.15"]
[Round "8.9"]
[White "Rotstein, Arkadij"]
[Black "Loiacono, Leonardo"]
[Result "1-0"]
[WhiteElo "2490"]
[BlackElo "2313"]
[Annotator "TA"]
[PlyCount "97"]
[EventDate "2018.??.??"]
[EventType "swiss"]
[EventCountry "ITA"]
[SourceTitle "playchess.com"]
[Source "ChessBase"]
[SourceQuality "1"]

{[%evp 22,97,87,75,87,85,92,82,85,77,71,52,53,45,101,27,40,42,65,32,58,16,42,33,34,12,0,0,116,115,125,118,125,99,99,98,94,98,101,98,118,108,120,118,186,191,206,179,178,182,169,171,164,124,120,106,291,278,395,384,473,457,682,670,724,720,631,450,671,541,798,650,715,664,1943,1926,1591,1609]} 1. d4 Nf6 2. Nf3 c5 3. e3 e6 4. Bd3 b6 5. O-O Bb7 6. c4 Be7 7. Nc3 O-O 8. d5 exd5 9. cxd5 d6 10. e4 Nbd7 11. h3 a6 12. a4 {LiveBook: 38 Partien} Ne5 {E14: Damenindisch (Zentralsystem)} (12... Ne8 13. Bf4 Bf6 14. Nd2 Ne5 15. Be2 Ng6 16. Bh2 Be5 17. Nc4 Bxh2+ 18. Kxh2 Rb8 19. f4 Nf6 20. Bd3 {½-½ (70) Neelotpal,D (2475)-Sengupta,D (2589) Thiruvarur 2015}) 13. Nxe5 dxe5 14. Qe2 Ne8 {Weiß steht besser.} 15. Rb1 $146 ({Vorgänger:} 15. Be3 Bd6 16. Kh1 Qh4 17. Qg4 Qxg4 18. hxg4 f6 19. b3 Rf7 20. Rfc1 {½-½ (32) Cherenkova,K (2226)-Evstratov,O (2215) Serpukhov 2004}) 15... Nd6 16. Be3 Bg5 17. Nd1 c4 (17... a5 $14) 18. Bxg5 (18. Bxc4 $16 f5 19. Bxg5 Qxg5 20. Nc3) 18... cxd3 $11 19. Qe3 $1 f6 20. Bh4 a5 21. b4 b5 22. axb5 Nxb5 23. Qxd3 Ba6 $1 24. Re1 $36 {[%mdl 2048] Weiss hat gut koordiniertes Spiel.} axb4 (24... Qb6 $11 {bleibt in der Remisbreite.}) 25. Qd2 Na3 26. Rxb4 Qa5 27. Rb2 Qxd2 28. Rxd2 Nc4 29. Rc2 Rfc8 30. f3 Kf7 31. Bf2 Ke7 32. Ra2 Kd7 (32... Bb5 $16 33. Bc5+ Kf7 34. Rxa8 Rxa8) 33. Nc3 $18 Bb7 34. Rb1 Nd6 35. Rxa8 Rxa8 36. Bc5 Bc8 37. Bxd6 Kxd6 {[%mdl 4096] Endspiel KTL-KTS} 38. Rb6+ Kc5 $2 {[#]} (38... Kc7 $16 39. Rc6+ Kd8) 39. Rc6+ Kd4 (39... Kb4 $142 40. Rc7 h5) 40. Nb5+ Ke3 41. Nd6 {Weiß steht klar auf Gewinn.} Bxh3 (41... Bd7 $142 42. Rc7 Be8 43. Nxe8 Rxe8 44. Rxg7 h5) 42. gxh3 Kxf3 {beabsichtigt ...Ta1+. KTS-KT} 43. Rc3+ Kf4 44. Rc2 Ke3 (44... Kf3 $142 45. Rc3+ Kf4) 45. Kg2 g6 46. Rf2 Rf8 47. Nb7 Rf7 48. Nc5 Kd4 49. Rc2 {Precision: Weiß = 55%, Schwarz = 34%.} 1-0

[Event "Forni di Sopra Dolomiti 2018"]
[Site "Forni di Sopra"]
[Date "2018.06.15"]
[Round "8.10"]
[White "Di Benedetto, Desiree"]
[Black "Ceschia, Ivano"]
[Result "1/2-1/2"]
[WhiteElo "2293"]
[BlackElo "2325"]
[Annotator "TA"]
[PlyCount "87"]
[EventDate "2018.??.??"]
[EventType "swiss"]
[EventCountry "ITA"]
[SourceTitle "playchess.com"]
[Source "ChessBase"]
[SourceQuality "1"]

{[%evp 11,87,49,39,33,66,66,71,34,37,16,26,28,56,0,0,0,7,3,6,-9,-17,-39,-10,-27,-29,-26,-17,-29,0,0,14,-5,16,0,67,22,35,28,34,17,88,25,8,0,139,150,148,144,144,130,133,132,132,0,0,0,0,0,0,-39,163,163,163,191,234,163,163,163,156,156,156,155,145,0,0,0,89,0]} 1. d4 d6 2. Nf3 Nf6 3. c4 Bf5 4. Qb3 (4. Nc3 h6 5. g3 Nbd7 6. Bg2 c6 7. d5 c5 8. O-O g5 9. h4 g4 10. Ne1 Bg7 11. e4 Bh7 12. Nd3 a6 13. a4 {1-0 (22) Ding,L (2732)-Jobava,B (2727) Wijk aan Zee 2015}) 4... Qc8 5. g3 h6 6. Bg2 {A53: Old Indian Defence without Nf3} c6 {LiveBook: 3 Games} 7. O-O g5 $146 ({Predecessor:} 7... e6 8. Nc3 Be7 9. Nh4 Bh7 10. d5 O-O 11. Re1 Na6 {1-0 (41) Johansson,J (2113)-Kiik,K (2409) Jyvaskyla 2017}) 8. Nc3 {White is slightly better.} Bg7 9. Re1 Ne4 10. e3 Nxc3 11. bxc3 Be4 12. Nd2 Bxg2 13. Kxg2 Nd7 14. Rb1 b6 15. a4 c5 16. Nf1 g4 17. Bb2 h5 18. e4 e6 19. Kg1 Qb7 20. Qd1 Nf6 21. Qd3 h4 22. Bc1 Rh5 (22... hxg3 $11 23. Nxg3 Nd7) 23. Bf4 e5 24. Bd2 exd4 25. cxd4 {Black should prevent gxh4.} O-O-O (25... Nd7 $1 $11) 26. a5 (26. gxh4 $16 {Ng3 is the strong threat.} Rxh4 27. e5 dxe5 28. Qf5+ Qd7 29. Qxd7+ Rxd7 30. dxc5) 26... Nd7 $1 $11 27. axb6 Bxd4 (27... axb6 $11 {keeps the balance.} 28. Bc3 Rdh8) 28. bxa7 $16 Qxa7 29. Bf4 $1 Ne5 30. Bxe5 $1 dxe5 31. Qe2 $1 {[%cal Re2g4]} f5 32. exf5 (32. Rb3 $16) 32... Rxf5 $11 33. Ne3 hxg3 $1 34. hxg3 Rf3 35. Nxg4 (35. Qc2 $5 {[%cal Rc2g6]} Rdf8 36. Qg6 Rxf2 37. Qc6+ (37. Qe6+ Kd8 $11) 37... Kd8 38. Qd6+ Kc8 39. Qe6+ Kd8 40. Qd6+ Kc8 41. Qe6+ Kd8 42. Qd6+ $11) 35... Rdf8 $2 (35... Rxg3+ $15 {stays ahead.} 36. Kh2 Bxf2 $1 {[%mdl 512]} 37. Nxf2 Qg7) 36. Qe4 $36 {[%mdl 2048] White is really pushing.} Rxg3+ 37. Kh2 Rgf3 {Strongly threatening ...Qa6.} 38. Qc6+ Qc7 39. Qe6+ Kd8 40. Qd5+ Kc8 41. Qa8+ $1 Kd7 {[#]} 42. Qd5+ (42. Qe4 $1 $16 R3f4 43. Qd5+ Ke8 44. Qe6+ Kd8 45. Rb6 Rxf2+ 46. Nxf2 Rxf2+ 47. Kg3 Qg7+ 48. Qg6 Qxg6+ 49. Rxg6) 42... Kc8 $11 {( -> ...Qh7+)} 43. Qa8+ (43. Kh1 $11) 43... Kd7 $16 {[#]} 44. Qd5+ {Precision: White = 38%, Black = 45%.} ({White should try} 44. Qe4 $1 $16 R3f4 45. Qd5+ Kc8 46. Qe6+ Kd8 47. Rb6 Rxf2+ 48. Nxf2 Rxf2+ 49. Kg3 Qg7+ 50. Qg6 Qxg6+ 51. Rxg6) 1/2-1/2

[Event "Forni di Sopra Dolomiti 2018"]
[Site "Forni di Sopra"]
[Date "2018.06.15"]
[Round "8.11"]
[White "Loiacono, Antonio"]
[Black "Martorelli, Antonio"]
[Result "1-0"]
[WhiteElo "2197"]
[BlackElo "2184"]
[Annotator "TA"]
[PlyCount "81"]
[EventDate "2018.??.??"]
[EventType "swiss"]
[EventCountry "ITA"]
[SourceTitle "playchess.com"]
[Source "ChessBase"]
[SourceQuality "1"]

{[%evp 14,81,22,20,62,59,63,47,43,29,31,26,31,-2,-10,-68,-53,-57,-62,-60,-77,-65,-35,-37,-40,-40,-41,-41,-34,-36,-33,-84,-75,-87,-72,-128,-127,-153,-41,-40,-41,-51,-44,-94,-89,-89,-101,-104,-118,-279,-268,-253,-275,-494,-345,-337,-266,-267,-264,-243,-197,-198,-193,-187,-143,-138,873,867,865,826]} 1. e4 c5 2. Nf3 e6 3. Nc3 a6 4. d4 cxd4 5. Nxd4 Qc7 6. g3 Bb4 7. Bd2 Nf6 8. Bg2 Bc5 {B43: Sicilian: Kan Variation: 5 Nc3} (8... Nc6 9. Nb3 Be7 10. O-O d6 11. f4 O-O 12. Be3 b5 13. a3 Bb7 14. g4 Rfe8 15. g5 Nd7 16. Qh5 g6 17. Qh4 b4 18. Ne2 bxa3 19. bxa3 Na5 20. Nxa5 Qxa5 21. Rf3 Rac8 {0-1 (55) Guseinov,G (2634)-Gajewski,G (2654) Berlin 2015}) 9. Nb3 Be7 10. O-O Nc6 {White is slightly better.} 11. Qe2 $146 ({Predecessor:} 11. f4 d6 12. a4 b6 13. Qe2 Bb7 14. Be3 O-O 15. g4 {1-0 (32) Harutjunyan,G (2475)-Kowsarinia,A (2100) Mashhad 2010}) 11... O-O 12. Rfe1 d6 13. Rad1 b5 14. e5 (14. Rc1 $11) 14... dxe5 $15 15. Na5 Bd7 16. Nxc6 Bxc6 17. Qxe5 Bd6 18. Qe2 Bxg2 19. Kxg2 Rac8 20. a3 h6 21. Kg1 Qc6 22. h3 ({White should play} 22. Rc1 $15) 22... Rfd8 $17 23. Kh2 Be7 24. f4 (24. Rc1 $142) 24... Rd7 25. Qg2 Qc5 (25... a5 $17 {Threatens to win with ...b4.} 26. Be3 {[#]} Bxa3 $1 {[%mdl 512]} 27. Rxd7 Nxd7 28. Qxc6 Rxc6) 26. Be3 $15 Qc7 27. Bd4 Rcd8 {[%cal Bc8d8,Bd8d7,Bd7d2][%mdl 32]} 28. Qf2 Qc4 {[%cal Rd7d4]} 29. Bb6 Rxd1 30. Nxd1 Rd7 $36 {[%mdl 2048] Black has strong initiative.} 31. c3 $2 (31. Ne3 $17 Qa2 32. Nd1) 31... Ne4 $19 32. Qf3 Rd2+ 33. Kh1 $2 (33. Kg1 {was the only chance.} Bc5+ 34. Bxc5 Qxc5+ 35. Ne3) 33... f5 34. Nf2 {[#]} Nxg3+ $1 {[%mdl 512]} 35. Qxg3 {aiming for Bd4.} Qc6+ 36. Ne4 fxe4 37. Bd4 {[%csl Gd4][%cal Rg3g7]} Bf8 38. b4 Qd5 39. Qe3 Bd6 $2 {[%mdl 8192]} (39... Ra2 $17 40. Qxe4 Qxe4+ 41. Rxe4 Kf7) 40. Qxd2 $18 Bf8 41. Qe3 {Precision: White = 42%, Black = 67%.} 1-0

[Event "Forni di Sopra Dolomiti 2018"]
[Site "Forni di Sopra"]
[Date "2018.06.15"]
[Round "8.12"]
[White "Vezzosi, Paolo"]
[Black "Battistella, Stefano"]
[Result "1-0"]
[WhiteElo "2316"]
[BlackElo "2054"]
[Annotator "NA"]
[PlyCount "55"]
[EventDate "2018.??.??"]
[EventType "swiss"]
[EventCountry "ITA"]
[SourceTitle "playchess.com"]
[Source "ChessBase"]
[SourceQuality "1"]
[TimeControl "40/5400+30:1800+30"]

1. e4 {[%emt 0:00:30]} g6 {[%emt 0:01:00]} 2. d4 {[%emt 0:00:30]} Bg7 {[%emt 0:00:00]} 3. c4 {[%emt 0:00:00]} d6 {[%emt 0:00:00]} 4. Be2 {[%emt 0:00:00]} Nc6 {[%emt 0:02:30]} 5. Be3 {[%emt 0:01:30]} e5 {[%emt 0:01:30]} 6. Nf3 {[%emt 0:01:30]} Bg4 {[%emt 0:08:30]} 7. d5 {[%emt 0:02:30]} Bxf3 {[%emt 0:01:30]} 8. Bxf3 {[%emt 0:00:00]} Nd4 {[%emt 0:00:30]} 9. Nc3 {[%emt 0:04:00]} c5 {[%emt 0:27:30]} 10. O-O {[%emt 0:08:30]} Nf6 {[%emt 0:08:30]} 11. g3 {[%emt 0:00:30]} O-O {[%emt 0:03:30]} 12. Bg2 {[%emt 0:00:30]} Qd7 {[%emt 0:02:30]} 13. f3 {[%emt 0:00:30]} a6 {[%emt 0:12:30]} 14. Rf2 {[%emt 0:01:30]} b5 {[%emt 0:00:30]} 15. Qf1 {[%emt 0:00:30]} Rab8 {[%emt 0:02:30]} 16. Bh3 {[%emt 0:00:30]} Qe8 {[%emt 0:02:30]} 17. b3 {[%emt 0:01:30]} b4 {[%emt 0:01:30]} 18. Na4 {[%emt 0:01:30]} Nh5 {[%emt 0:00:30]} 19. Qd3 {[%emt 0:00:30]} f5 {[%emt 0:05:35]} 20. Bxd4 {[%emt 0:07:30]} fxe4 {[%emt 0:02:33]} 21. fxe4 {[%emt 0:01:30]} exd4 {[%emt 0:00:24]} 22. Be6+ {[%emt 0:00:30]} Kh8 {[%emt 0:00:30]} 23. Raf1 {[%emt 0:00:30]} Qe7 {[%emt 0:02:08]} 24. Rxf8+ {[%emt 0:04:30]} Rxf8 {[%emt 0:00:09]} 25. Rxf8+ {[%emt 0:01:30]} Qxf8 {[%emt 0:00:33]} 26. Nb6 {[%emt 0:04:30]} Bh6 {[%emt 0:01:02]} 27. Nd7 {[%emt 0:02:30]} Be3+ {[%emt 0:00:57]} 28. Qxe3 {[%emt 0:01:30]} 1-0

[Event "Forni di Sopra Dolomiti 2018"]
[Site "Forni di Sopra"]
[Date "2018.06.16"]
[Round "9.2"]
[White "Strikovic, Aleksa"]
[Black "Bellia, Fabrizio"]
[Result "1/2-1/2"]
[WhiteElo "2493"]
[BlackElo "2428"]
[Annotator "TA"]
[PlyCount "37"]
[EventDate "2018.??.??"]
[EventType "swiss"]
[EventCountry "ITA"]
[SourceTitle "playchess.com"]
[Source "ChessBase"]
[SourceQuality "1"]

{[%evp 11,37,-14,25,-7,33,16,37,34,28,39,40,7,13,7,4,8,19,12,30,16,13,6,30,-7,-6,-3,-4,-7]} 1. Nf3 d5 2. g3 Nf6 3. Bg2 e6 4. O-O b6 5. d3 Bb7 6. Nbd2 Nbd7 7. c4 {A05: Réti Opening: 1 Nf3 Nf6} (7. Re1 Bc5 8. c4 O-O 9. a3 a5 10. cxd5 exd5 11. Nb3 Be7 12. Nbd4 Re8 13. Bf4 Nh5 14. Bd2 a4 15. b4 axb3 16. Qxb3 {½-½ (41) Anton Guijarro,D (2654)-Bruzon Batista,L (2643) Tbilisi 2017}) 7... dxc4 8. Nxc4 Be7 9. b3 {White is slightly better.} O-O 10. Bb2 c5 11. Rc1 $146 ({Predecessor:} 11. Qd2 Ne8 12. Rfd1 Nd6 13. Nxd6 Bxd6 14. d4 Nf6 15. dxc5 Bxc5 {1-0 (24) Wieczorek,Z (2319)-Obrusnik,M (2053) Raciborz 2008}) 11... b5 12. Ncd2 Qb6 13. Rc2 Rac8 14. Qa1 Rfd8 15. Rfc1 a6 16. a3 Qa7 17. d4 Qa8 18. a4 cxd4 {Black wants to play ...Rxc2.} 19. Rxc8 {Precision: White = 59%, Black = 49%.} 1/2-1/2